La bigamia en la doctrina, en la historia, en el derecho, en el derecho natural, canónico, vivil... / (Record no. 41093)

MARC details
000 -LEADER
campo de control de longitud fija 00549nam a2200169 i 4500
001 - NÚMERO DE CONTROL
campo de control 41093
003 - IDENTIFICADOR DE NÚMERO DE CONTROL
campo de control ES-MaACL
005 - FECHA Y HORA DE LA ÚLTIMA TRANSACCIÓN
campo de control 20230906160355.0
007 - CAMPO FIJO DE DESCRIPCIÓN FÍSICA--INFORMACIÓN GENERAL
campo de control de longitud fija t|
008 - DATOS DE LONGITUD FIJA--INFORMACIÓN GENERAL
campo de control de longitud fija 030307s1955 sp ||||1| spa d
100 1# - ENTRADA PRINCIPAL--NOMBRE DE PERSONA
Nombre de persona Carmona, Miguel Enrique de.
9 (RLIN) 35344
245 13 - MENCIÓN DEL TÍTULO
Título La bigamia en la doctrina, en la historia, en el derecho, en el derecho natural, canónico, vivil... /
Mención de responsabilidad, etc. Miguel E. de Carmona.
260 ## - PUBLICACIÓN, DISTRIBUCIÓN, ETC.
Lugar de publicación, distribución, etc. Barcelona :
Nombre del editor, distribuidor, etc. Dux,
Fecha de publicación, distribución, etc. 1955 (
Fabricante Fomento)
300 ## - DESCRIPCIÓN FÍSICA
Extensión 306 p. ;
Dimensiones 23 cm.
650 #4 - PUNTO DE ACCESO ADICIONAL DE MATERIA--TÉRMINO DE MATERIA
Término de materia o nombre geográfico como elemento de entrada Bigamia.
9 (RLIN) 150907
852 ## - LOCALIZACIÓN
Ubicación ES-MaACL
Número de control de estantería C-9958
Sublocalización o colección R.38136
Holdings
Estatus retirado Estado de pérdida Estado de daño No para préstamo Biblioteca de origen Biblioteca actual Ubicación en estantería Fecha de adquisición Fuente de adquisición Total de préstamos Signatura topográfica completa Código de barras Visto por última vez Precio de reemplazo Tipo de ítem Koha
        Biblioteca del Ateneo de Madrid Biblioteca del Ateneo de Madrid Sala Palomar 17/01/2008     C-9958 1043263 23/02/2023 23/02/2023 Libro impreso